Antico, tardoantico, ed èra costantiniana
Kaydedildi:
| Yazar: | |
|---|---|
| Materyal Türü: | Kitap |
| Dil: | İtalyanca |
| Baskı/Yayın Bilgisi: |
Bari
Dedalo
1980
|
| Seri Bilgileri: | Storia e civiltà, 14
|
| Konular: | |
| Etiketler: |
Etiketle
Etiket eklenmemiş, İlk siz ekleyin!
|
MARC
| LEADER | 00000nam a2200000 a 4500 | ||
|---|---|---|---|
| 001 | UCP9489 | ||
| 003 | CL-VaPUC | ||
| 008 | 000324e19800000IT |||||||||||||||||ita|d | ||
| 082 | 0 | 4 | |a 937.08 |b MAZ |2 21 |
| 100 | |a Mazzarino, Santo |e autor |9 592438 | ||
| 245 | 1 | 0 | |a Antico, tardoantico, ed èra costantiniana |
| 300 | |a 2 v | ||
| 942 | |c BK | ||
| 945 | |d 20000324 00:00:00 |a rherrera | ||
| 260 | |a Bari |b Dedalo |c 1980 | ||
| 650 | 0 | |a Historia antigua |9 267521 | |
| 650 | 0 | |a Imperio Romano |9 322785 | |
| 650 | 0 | |a Migración |9 331531 | |
| 650 | 0 | |a Humanismo |9 256530 | |
| 650 | 7 | |a EPIGRAFIA LATINA |2 CL-VaPUC |9 439909 | |
| 651 | 7 | |a CONSTANTINOPLA |2 CL-VaPUC |9 342299 | |
| 651 | 0 | |a Roma |9 255106 | |
| 583 | |a last modification |c 20130926 04:25:02 |k Rodrigo Vera | ||
| 490 | 0 | |a Storia e civiltà, 14 | |
| 999 | |c 286301 |d 286299 | ||
| 952 | |0 0 |1 0 |4 0 |6 937_080000000000000_MAZ_1980 |7 0 |8 A |9 331836 |a BIBHIS |b BIBHIS |d 2019-11-20 |h v.2 |i 1389351 |o 937.08 MAZ 1980 |p 1389351 |r 2025-01-20 |w 2019-11-20 |y BK |k HIS | ||